| 000 | 01602nas a2200277Ia 4500 | ||
|---|---|---|---|
| 001 | R370-R7867 | ||
| 003 | IT-CnALBA | ||
| 008 | 170116c99999999xx |||||||||||| ||und|| | ||
| 040 |
_aIT-CnALBA _cIT-CnALBA |
||
| 041 | _aITALIANO | ||
| 100 | _aMISIANO MARIA | ||
| 210 | _aRIVISTA DI SCIENZE DELL'EDUCAZIONE | ||
| 222 | _aRIVISTA DI SCIENZE DELL'EDUCAZIONE | ||
| 245 | 0 | _aRIVISTA DI SCIENZE DELL'EDUCAZIONE. GENNAIO-APRILE 1996. | |
| 250 | _a1a ed. | ||
| 260 |
_a ROMA _bLAS - LIBRERIA ATENEO SALESIANO _c1996 [1° Ed.:1996 - Ed.Ling.Originale: 1996] |
||
| 300 | _a158 p. | ||
| 310 | _aQUADRIMESTRALE | ||
| 362 | _aFascicolo: 1 / Anno: 34 (1996) | ||
| 500 | _aADULTI PER EVANGELIZZAZIONE DEI BAMBINI. MESSAGGIO DEL PAPA PER LA GIORNATA DELLA PACE 1996. IN MEMORIA DI DON E. VIGANO''. FARINA M. UN CUORE SECONDO DON BOSCO. GUARDALUPI A.M. IDENTIFICAZIONE CON LE FIGURE PARENTALI E SCELTA DEL PARTNER, ANALISI DI UNA COPPIA. TRICARICO F.M. I MEDIA PER LE ELEMENTARI. LA SCUOLA IN RETE DI CHANG CHU A. NOTIZIARIO. BIBLIOGRAFIA. | ||
| 501 | _aSocietà San Paolo EM - Piazza San Paolo, 14 - 12051 ALBA (CN) (non commercial uses only) ® Copyright 2017 | ||
| 520 | _aADULTI PER EVANGELIZZAZIONE DEI BAMBINI. MESSAGGIO DEL PAPA PER LA GIORNATA DELLA PACE 1996. IN MEMORIA DI DON E. VIGANO''. FARINA M. UN CUORE SECONDO DON BOSCO. GUARDALUPI A.M. IDENTIFICAZIONE CON LE FIGURE PARENTALI E SCELTA DEL PARTNER, ANALISI DI UNA COPPIA. TRICARICO F.M. I MEDIA PER LE ELEMENTARI. LA SCUOLA IN RETE DI CHANG CHU A. NOTIZIARIO. BIBLIOGRAFIA. | ||
| 650 | _aEDUCAZIONE | ||
| 942 | _cCR | ||
| 957 | _71 | ||
| 999 |
_a59434 _bNO _g1 _c326461 _d326461 |
||